| 000 | 00474nam a2200181Ia 4500 | ||
|---|---|---|---|
| 005 | 20250508151457.0 | ||
| 008 | 008 250505s9999 xx 000 0 hin d | ||
| 037 | _aTextual | ||
| 040 |
_aFEDL _beng _cFEDL |
||
| 041 |
_ahin _2hin |
||
| 084 |
_aGFH, HAR _qFEDL |
||
| 100 | _aHarish | ||
| 245 | 0 | _aMunnu kisan ki duniya | |
| 260 |
_aBanaras, India _bHindi - Pracharak Pustakalya |
||
| 300 | _a31p. | ||
| 942 |
_cTEXL _hGFH, HAR |
||
| 999 |
_c1330061 _d1330061 |
||